Countries and US states where Marijuana is legal Quiz Stats

 Plays Quiz not verified by Sporcle

Score 0/8 Timer 02:00
0 Plays Today
Hint Answer % Correct
US statesColorado
94.5%
US statesWashington
92%
CountriesNetherlands
85.3%
US statesOregon
81.6%
US statesAlaska
69.9%
CountriesUruguay
59.5%
CountriesNorth Korea
42.9%
CountriesBangladesh
25.8%

You're not logged in!

Compare scores with friends on all Sporcle quizzes.
OR
Log In

Sporcle TV

Today on Sporcle TV


Watch our educational content, quiz creation guides, and fun videos on Sporcle TV.

Show Comments

Extras

Top Quizzes Today


Score Distribution

Your Account Isn't Verified!

In order to create a playlist on Sporcle, you need to verify the email address you used during registration. Go to your Sporcle Settings to finish the process.

Report this User

Report this user for behavior that violates our Community Guidelines.

Details: